000 00517nam a2200193Ia 4500
003 LK-CoDNM
008 010623t2005 xxu||||| |||| 00| 1 sin d
040 _aLK-CoDNM
_dLK-CoDNM
_eLK-CoDNM
041 _asin
080 _a809.12
_bBUD
100 _aRev.Buddadatta, Polwatte Sri
245 _aපාළිභාෂාවතරණය
246 _aPalibhashawatharanaya
260 _bRathna book Publication
_aColombo
_c2005
300 _b239, 21.5 cm
500 _aNo.2
650 _aPali Language
942 _cBK
999 _c124837
_d124837